000 00257nam a22001217a 4500
008 181008b xxu||||| |||| 00| 0 eng d
041 _aeng
080 _a531
100 _a43
101 _afiz
245 _aProgress Physics
_cFrisch.o.r
942 _2udc
_cBK
999 _c49018
_d49018